[Event "ENCI Limburg-open B"]
[Site "Maastricht"]
[Date "2010.05.24"]
[Round "7"]
[White "Tsiros, Fragkiskos Vlasios"]
[Black "Van den Born, Ico"]
[Result "0-1"]
[WhiteElo "1712"]
[BlackElo "1898"]
[PlyCount "90"]
[EventDate "2010.05.21"]
[EventType "swiss"]
[EventRounds "7"]
[EventCountry "NED"]
[Source "P.Boonen"]
[SourceDate "2010.10.01"]

1. e4 e6 2. d4 d5 3. Nc3 Bb4 4. e5 c5 5. Bd2 a6 6. Qg4 Ne7 7. a3 cxd4 8. axb4
dxc3 9. Bxc3 Ng6 10. Bd3 Nc6 11. f4 Bd7 12. Nf3 Qb6 13. b5 Qe3+ 14. Kf1 Nce7
15. Bd2 Qb6 16. bxa6 bxa6 17. Ke2 Bb5 18. Ra3 Nf5 19. Qh3 Bxd3+ 20. Rxd3 Qxb2
21. g4 Qxc2 22. Ne1 Nxf4+ 23. Kf1 Qxd3+ 24. Nxd3 Nxh3 25. gxf5 h6 26. fxe6 fxe6
27. Kg2 O-O 28. Rc1 Ng5 29. Bxg5 hxg5 30. Rc6 Kf7 31. Rc7+ Kg6 32. Nc5 Rac8 33.
Nxe6 Rxc7 34. Nxc7 Rc8 35. Nxd5 Rc5 36. Nb4 a5 37. Nd3 Rd5 38. Nc1 Rxe5 39. Kf2
a4 40. Na2 a3 41. Kf1 Kh5 42. Kf2 Kh4 43. Kf1 Kh3 44. Kg1 Rc5 45. Kh1 Rc2 0-1

[Event "ENCI Limburg-open B"]
[Site "Maastricht"]
[Date "2010.05.24"]
[Round "7"]
[White "Geboers, Jimmy"]
[Black "Brasse, Bram"]
[Result "1-0"]
[WhiteElo "1977"]
[BlackElo "1764"]
[PlyCount "89"]
[EventDate "2010.05.21"]
[EventType "swiss"]
[EventRounds "7"]
[EventCountry "NED"]
[Source "P.Boonen"]
[SourceDate "2010.10.01"]

1. d4 d5 2. c4 Nc6 3. Nc3 Nf6 4. cxd5 Nxd5 5. e4 Nb6 6. d5 Ne5 7. f4 Ng6 8. Nf3
e6 9. Bb5+ Bd7 10. dxe6 fxe6 11. Qe2 Bxb5 12. Qxb5+ Qd7 13. Qxd7+ Nxd7 14. Nb5
Bb4+ 15. Ke2 Ba5 16. Be3 a6 17. Na3 O-O 18. g3 c6 19. Nc4 Bc7 20. Rad1 Rad8 21.
Ng5 Rfe8 22. Nd6 Bxd6 23. Rxd6 Ndf8 24. Rhd1 Rxd6 25. Rxd6 h6 26. Nf3 Nh8 27.
Ne5 Nf7 28. Nxf7 Kxf7 29. Bc5 Rc8 30. Rd3 Rc7 31. Bd6 Rd7 32. Bxf8 Rxd3 33.
Kxd3 Kxf8 34. Kd4 Ke7 35. Kc5 Kd7 36. Kb6 Kc8 37. g4 g6 38. h4 h5 39. gxh5 gxh5
40. f5 exf5 41. exf5 Kd7 42. Kxb7 Kd6 43. Kxa6 Ke5 44. Kb6 Kxf5 45. a4 1-0

[Event "ENCI Limburg-open B"]
[Site "Maastricht"]
[Date "2010.05.24"]
[Round "7"]
[White "Hill, Nick"]
[Black "Verhelst, Henk"]
[Result "1-0"]
[WhiteElo "1773"]
[BlackElo "1710"]
[PlyCount "107"]
[EventDate "2010.05.21"]
[EventType "swiss"]
[EventRounds "7"]
[EventCountry "NED"]
[Source "P.Boonen"]
[SourceDate "2010.10.01"]

1. d4 f5 2. c4 Nf6 3. g3 e6 4. Bg2 d5 5. Nf3 c6 6. O-O Bd6 7. b3 Ne4 8. Ne5 Nd7
9. f3 Nxg3 10. hxg3 Nxe5 11. e4 O-O 12. f4 Nf7 13. e5 Be7 14. Ba3 Kh8 15. Bxe7
Qxe7 16. Nd2 b6 17. Qh5 Ba6 18. Kf2 g6 19. Qf3 h5 20. Rh1 Kg7 21. Qc3 Rac8 22.
Nf3 Rfd8 23. Bf1 c5 24. dxc5 Qxc5+ 25. Qe3 dxc4 26. Rc1 b5 27. bxc4 bxc4 28.
Be2 Nh6 29. Qxc5 Rxc5 30. Ng5 Bc8 31. Rc2 Ng4+ 32. Bxg4 fxg4 33. Rhc1 Rd4 34.
Rb1 Rc6 35. Rb8 Bd7 36. Rd8 Rc7 37. Nxe6+ Bxe6 38. Rxd4 Kf7 39. Rc3 Ke7 40. Rd6
Kf7 41. Ke3 Ke7 42. Kd4 Kf7 43. Ra3 Ke7 44. Kc3 h4 45. gxh4 g3 46. Raa6 Bh3 47.
Rxg6 g2 48. Rg3 Bc8 49. Rag6 Bb7 50. Rg7+ Kd8 51. Rg8+ Kd7 52. R3g7+ Kc6 53.
Rxg2 Kc5 54. R2g7 1-0

[Event "ENCI Limburg-open B"]
[Site "Maastricht"]
[Date "2010.05.23"]
[Round "4"]
[White "Singh, Marcel"]
[Black "Gullentops, Nathan"]
[Result "0-1"]
[WhiteElo "1917"]
[BlackElo "1790"]
[PlyCount "84"]
[EventDate "2010.05.21"]
[EventType "swiss"]
[EventRounds "7"]
[EventCountry "NED"]
[Source "P.Boonen"]
[SourceDate "2010.10.01"]

1. e4 e6 2. d4 d5 3. Nd2 c5 4. exd5 exd5 5. Bb5+ Bd7 6. Qe2+ Qe7 7. Bxd7+ Nxd7
8. dxc5 Qxe2+ 9. Nxe2 Bxc5 10. Nb3 Ngf6 11. Nxc5 Nxc5 12. Be3 Ne6 13. h3 O-O
14. O-O-O b6 15. Bd4 Ne4 16. f3 Nd6 17. Bxg7 Kxg7 18. Rxd5 Ne8 19. c4 Nf6 20.
Re5 Rac8 21. b3 Rfd8 22. Rd1 Rxd1+ 23. Kxd1 Rd8+ 24. Kc2 Nd4+ 25. Nxd4 Rxd4 26.
Re7 Rd7 27. Rxd7 Nxd7 28. Kc3 Nb8 29. Kd4 Nc6+ 30. Kd5 Nb4+ 31. Kd6 Nxa2 32.
Kc6 Nc1 33. b4 Nd3 34. b5 Nb2 35. Kd5 Kf6 36. g3 Kg5 37. c5 bxc5 38. Kxc5 Nd1
39. b6 axb6+ 40. Kxb6 Nc3 41. Kc5 Ne2 42. g4 Ng1 0-1

[Event "ENCI Limburg-open B"]
[Site "Maastricht"]
[Date "2010.05.23"]
[Round "4"]
[White "De Strycker, Nathan"]
[Black "Ducarmon, Renzo"]
[Result "1-0"]
[WhiteElo "1753"]
[BlackElo "1922"]
[PlyCount "125"]
[EventDate "2010.05.21"]
[EventType "swiss"]
[EventRounds "7"]
[EventCountry "NED"]
[Source "P.Boonen"]
[SourceDate "2010.10.01"]

1. d4 Nf6 2. c4 g6 3. Nc3 Bg7 4. e4 d6 5. Nf3 O-O 6. Be2 e5 7. O-O Nc6 8. d5
Ne7 9. Ne1 Ne8 10. Be3 f5 11. f3 f4 12. Bf2 g5 13. b4 Nf6 14. c5 h5 15. Nd3 Rf7
16. Rc1 Ng6 17. Nb2 Bh6 18. Rc2 Rg7 19. Nc4 g4 20. cxd6 cxd6 21. Nb5 g3 22.
Bxa7 gxh2+ 23. Kh1 Ne8 24. Rf2 Nh4 25. Bf1 Bd7 26. Bb6 Qe7 27. Nc3 Nf6 28. Na5
Be8 29. Nb5 Bxb5 30. Bxb5 Ne8 31. Kxh2 Ng6 32. Kg1 Bg5 33. Rfd2 Bh4 34. Kf1 Bg3
35. Ke2 Nf8 36. Kd3 Nd7 37. Bg1 Nb8 38. Rc3 Nc7 39. Ba4 Nba6 40. a3 Ne8 41.
Rdc2 Kh7 42. Bb6 Nf6 43. Bb5 Nd7 44. Bxd7 Qxd7 45. Kd2 Kh6 46. Qf1 Bh4 47. Kd1
Bd8 48. Bxd8 Rxd8 49. Qf2 Rdg8 50. Qb6 Rb8 51. Nb3 Qd8 52. Qxd8 Rxd8 53. b5 Nb8
54. Rc8 Rxc8 55. Rxc8 Nd7 56. Rd8 Kh7 57. Ke1 Nc5 58. Nxc5 dxc5 59. Kf2 b6 60.
Re8 Ra7 61. Rxe5 Rxa3 62. Re7+ Kg8 63. d6 1-0

[Event "ENCI Limburg-open B"]
[Site "Maastricht"]
[Date "2010.05.23"]
[Round "4"]
[White "Brasse, Bram"]
[Black "Begri, Felix"]
[Result "1/2-1/2"]
[WhiteElo "1764"]
[BlackElo "1905"]
[PlyCount "90"]
[EventDate "2010.05.21"]
[EventType "swiss"]
[EventRounds "7"]
[EventCountry "NED"]
[Source "P.Boonen"]
[SourceDate "2010.10.01"]

1. Nf3 d5 2. d4 Nf6 3. c4 e6 4. Nc3 Bb4 5. Bd2 Bxc3 6. Bxc3 O-O 7. e3 b6 8. Bb4
Re8 9. c5 Ne4 10. Rc1 Qf6 11. Qc2 Ba6 12. Bd3 Bxd3 13. Qxd3 a5 14. Ba3 bxc5 15.
Bxc5 Na6 16. Ba3 Qg6 17. O-O h5 18. Nd2 Nxd2 19. Qxd2 h4 20. h3 e5 21. f3 Re6
22. Rfe1 Qh5 23. Kh1 g5 24. e4 dxe4 25. fxe4 Rg6 26. Qd1 g4 27. d5 Qh6 28. Rc3
gxh3 29. gxh3 Kh7 30. b3 Rag8 31. Bc1 Qf8 32. Qh5+ Kg7 33. Qxe5+ f6 34. Qf4 Qb4
35. Bd2 Qb6 36. Be3 Qb5 37. Rec1 Qd7 38. Qf5 Qd6 39. Bf4 Qb6 40. Be3 Qd6 41.
Rg1 Kf7 42. Qh5 Qe7 43. Qxh4 Rh8 44. Qxh8 Qxe4+ 45. Kh2 Qe5+ 1/2-1/2

[Event "ENCI Limburg-open B"]
[Site "Maastricht"]
[Date "2010.05.23"]
[Round "4"]
[White "Scheeren, Fred"]
[Black "Porteman, Eric"]
[Result "0-1"]
[WhiteElo "2005"]
[BlackElo "1931"]
[PlyCount "116"]
[EventDate "2010.05.21"]
[EventType "swiss"]
[EventRounds "7"]
[EventCountry "NED"]
[Source "P.Boonen"]
[SourceDate "2010.10.01"]

1. e4 e6 2. d4 d5 3. Nc3 Bb4 4. exd5 exd5 5. Bd3 Ne7 6. Nge2 Bf5 7. Bxf5 Nxf5
8. Qd3 Qd7 9. O-O O-O 10. Bf4 c6 11. Ng3 Nd6 12. a3 Ba5 13. Bxd6 Qxd6 14. Nf5
Qf6 15. Ne2 Re8 16. Neg3 g6 17. Ne3 Nd7 18. c3 Bc7 19. Rfe1 h5 20. Ngf1 Re4 21.
Nd2 Re6 22. Nf3 Rae8 23. h3 Qf4 24. Nf1 Nf6 25. Rxe6 Rxe6 26. Re1 Ne4 27. Qc2
g5 28. Ne5 Bxe5 29. dxe5 Rxe5 30. g3 Qf6 31. Kg2 Qe6 32. f3 Nd6 33. Rxe5 Qxe5
34. Qf2 b6 35. Qe3 Qf6 36. Qd3 Nc4 37. Qe2 Qe6 38. Qxe6 fxe6 39. b3 Nxa3 40.
Ne3 Kf7 41. Kf2 Nb5 42. Nd1 e5 43. f4 gxf4 44. gxf4 e4 45. Ke3 Kf6 46. c4 Nc7
47. Nc3 Kf5 48. Ne2 Ke6 49. Nd4+ Kd6 50. Nf5+ Kc5 51. cxd5 cxd5 52. Nd4 a5 53.
f5 Ne8 54. Nc2 b5 55. Kf4 a4 56. bxa4 bxa4 57. Kg5 d4 58. Kxh5 d3 0-1

[Event "ENCI Limburg-open B"]
[Site "Maastricht"]
[Date "2010.05.23"]
[Round "4"]
[White "Tjong-Akiet, Raf"]
[Black "Lasschuit, Rene1"]
[Result "0-1"]
[WhiteElo "1772"]
[BlackElo "1917"]
[PlyCount "100"]
[EventDate "2010.05.21"]
[EventType "swiss"]
[EventRounds "7"]
[EventCountry "NED"]
[Source "P.Boonen"]
[SourceDate "2010.10.01"]

1. d4 e6 2. Nf3 f5 3. d5 d6 4. dxe6 Bxe6 5. Nc3 Nf6 6. Nd4 Bd7 7. Qd3 Nc6 8.
Nxc6 bxc6 9. Bg5 d5 10. f3 h6 11. Bxf6 Qxf6 12. e4 Bb4 13. a3 Bxc3+ 14. bxc3
fxe4 15. fxe4 Qh4+ 16. g3 Qxe4+ 17. Qxe4+ dxe4 18. Bg2 O-O-O 19. O-O-O Rde8 20.
Rd4 e3 21. Rc4 Rhf8 22. Kd1 Re6 23. Ke1 Rf2 24. Be4 Ref6 25. Bd3 Bf5 26. Rf4
Bxd3 27. cxd3 R6xf4 28. gxf4 Rxf4 29. Ke2 Ra4 30. h4 Rxa3 31. Rg1 g5 32. hxg5
hxg5 33. Rxg5 Rxc3 34. Kxe3 Kb7 35. Kd4 Rc1 36. Rg2 a5 37. Rb2+ Ka6 38. Rb8 Ka7
39. Rb3 Ka6 40. Rb8 a4 41. Ra8+ Kb5 42. Rb8+ Ka5 43. Ra8+ Kb4 44. Rb8+ Ka3 45.
Ke3 Ka2 46. Kd2 Rc5 47. Rb4 a3 48. d4 Rb5 49. Rc4 Rb2+ 50. Kc3 Kb1 0-1

[Event "ENCI Limburg-open B"]
[Site "Maastricht"]
[Date "2010.05.23"]
[Round "4"]
[White "Kalla, Christian"]
[Black "O'Gorman, Brendan"]
[Result "1/2-1/2"]
[WhiteElo "1968"]
[BlackElo "1827"]
[PlyCount "95"]
[EventDate "2010.05.21"]
[EventType "swiss"]
[EventRounds "7"]
[EventCountry "NED"]
[Source "P.Boonen"]
[SourceDate "2010.10.01"]

1. e4 c5 2. c3 g6 3. d4 cxd4 4. cxd4 d5 5. exd5 Nf6 6. Nc3 Nxd5 7. Bc4 Nb6 8.
Bb3 Bg7 9. Nf3 O-O 10. h3 Nc6 11. Be3 Na5 12. Bc2 Nac4 13. Qc1 Bd7 14. O-O Rc8
15. Bh6 Nxb2 16. Bxg7 Kxg7 17. Qxb2 Qc7 18. Be4 Qxc3 19. Qxc3 Rxc3 20. Bxb7 Rb8
21. Ba6 Bxh3 22. Rfc1 Ra3 23. Be2 Bf5 24. Bd1 Be4 25. Nd2 Bd5 26. Rc7 Rb7 27.
Rxb7 Bxb7 28. Bb3 Bd5 29. Re1 Bxb3 30. Nxb3 Nd5 31. Re2 e6 32. Nc1 Rc3 33. Nb3
Rd3 34. Rc2 Nb4 35. Rc7 Nxa2 36. Rxa7 Rxb3 37. Rxa2 Rb1+ 38. Kh2 Rd1 39. Ra4 h5
40. Kg3 g5 41. Kf3 Re1 42. Ra5 Kf6 43. g3 Kg6 44. Rc5 f5 45. d5 g4+ 46. Kg2
exd5 47. Rxd5 Kg5 48. Rc5 1/2-1/2

[Event "ENCI Limburg-open B"]
[Site "Maastricht"]
[Date "2010.05.23"]
[Round "4"]
[White "Erin, Igor"]
[Black "Snoeck, Rene"]
[Result "0-1"]
[WhiteElo "1794"]
[BlackElo "1985"]
[PlyCount "112"]
[EventDate "2010.05.21"]
[EventType "swiss"]
[EventRounds "7"]
[EventCountry "NED"]
[Source "P.Boonen"]
[SourceDate "2010.10.01"]

1. g3 d5 2. Bg2 Nf6 3. d3 g6 4. Nf3 Bg7 5. O-O O-O 6. c4 c6 7. Qb3 Nbd7 8. cxd5
Nxd5 9. Nc3 N7b6 10. a4 a5 11. Bd2 Bg4 12. h3 Bc8 13. Rac1 Nb4 14. Ng5 h6 15.
Nge4 N6d5 16. Nxd5 Nxd5 17. Nc3 Nb4 18. Ne4 Be6 19. Qa3 Nd5 20. Nc3 Re8 21.
Nxd5 Bxd5 22. Qc5 Bxg2 23. Kxg2 Bd4 24. Qc4 Ra6 25. Bxh6 Rb6 26. Rb1 Rb4 27.
Qc2 Qd5+ 28. f3 Qa2 29. Bd2 Rxa4 30. Ra1 Qxa1 31. Rxa1 Rxa1 32. e3 Bf6 33. d4
e5 34. Bc3 exd4 35. exd4 a4 36. Qd2 Ree1 37. h4 Rad1 38. Qc2 Rg1+ 39. Kh3 Bxd4
40. Qxa4 Bxc3 41. bxc3 Rd7 42. Qg4 Re7 43. h5 Rh1+ 44. Kg2 Rxh5 45. Qc8+ Kg7
46. g4 Rd5 47. Qb8 Rd3 48. Qf4 Re2+ 49. Kg3 Ree3 50. Kh4 Rxf3 51. Qe5+ Kh7 52.
Qe7 b5 53. Qc5 Rxc3 54. Qe5 b4 55. Qe2 b3 56. Kg5 f6+ 0-1

[Event "ENCI Limburg-open B"]
[Site "Maastricht"]
[Date "2010.05.23"]
[Round "4"]
[White "Perrenet, Jacob"]
[Black "Blijlevens, Pim"]
[Result "1-0"]
[WhiteElo "1986"]
[BlackElo "1908"]
[PlyCount "47"]
[EventDate "2010.05.21"]
[EventType "swiss"]
[EventRounds "7"]
[EventCountry "NED"]
[Source "P.Boonen"]
[SourceDate "2010.10.01"]

1. Nc3 c5 2. d4 cxd4 3. Qxd4 Nc6 4. Qh4 Nf6 5. Bg5 e6 6. e4 Be7 7. Nf3 Qa5 8.
Bd3 Nb4 9. Rd1 Nxd3+ 10. Rxd3 d6 11. O-O Bd7 12. Re1 e5 13. Rxd6 Bxd6 14. Bxf6
Be6 15. Rd1 Qc5 16. Rxd6 Qxd6 17. Bxg7 Rg8 18. Bxe5 Qb4 19. h3 Qxb2 20. Bd6
Qa1+ 21. Kh2 Rg5 22. Nxg5 O-O-O 23. e5 Bd7 24. Nd5 1-0

[Event "ENCI Limburg-open B"]
[Site "Maastricht"]
[Date "2010.05.23"]
[Round "4"]
[White "Tutenel, Erik"]
[Black "Smit, Melvin"]
[Result "1-0"]
[WhiteElo "1817"]
[BlackElo "1883"]
[PlyCount "29"]
[EventDate "2010.05.21"]
[EventType "swiss"]
[EventRounds "7"]
[EventCountry "NED"]
[Source "P.Boonen"]
[SourceDate "2010.10.01"]

1. e4 d5 2. exd5 Qxd5 3. Nc3 Qd6 4. Nf3 Nf6 5. Bc4 a6 6. Qe2 Nc6 7. d3 Bg4 8.
Ne4 Qd7 9. Nc5 Qc8 10. Ng5 Bh5 11. Qxh5 Nxh5 12. Bxf7+ Kd8 13. Nge6+ Qxe6+ 14.
Nxe6+ Kd7 15. Nxf8+ 1-0

[Event "ENCI Limburg-open B"]
[Site "Maastricht"]
[Date "2010.05.23"]
[Round "4"]
[White "Debusschere, Helmuth"]
[Black "Hemmes, Maarten"]
[Result "1/2-1/2"]
[WhiteElo "1884"]
[BlackElo "1735"]
[PlyCount "53"]
[EventDate "2010.05.21"]
[EventType "swiss"]
[EventRounds "7"]
[EventCountry "NED"]
[Source "P.Boonen"]
[SourceDate "2010.10.01"]

1. e4 c5 2. Nf3 e6 3. d4 cxd4 4. Nxd4 Nc6 5. Nb5 d6 6. Bf4 e5 7. Be3 a6 8. N5c3
Nf6 9. Bc4 Be7 10. O-O O-O 11. f3 Be6 12. Bd5 Rc8 13. a3 b5 14. Kh1 Na5 15. b3
Qc7 16. Rf2 Rfd8 17. Qg1 Nc6 18. Rd2 Nd7 19. Ne2 Bxd5 20. exd5 Ncb8 21. Nbc3 f5
22. g3 Re8 23. Qg2 Nf6 24. h3 Nbd7 25. Ra2 Qb7 26. Kh2 Nb6 27. f4 1/2-1/2

[Event "ENCI Limburg-open B"]
[Site "Maastricht"]
[Date "2010.05.23"]
[Round "5"]
[White "Hill, Nick"]
[Black "Van Herck, Raf"]
[Result "1-0"]
[WhiteElo "1773"]
[BlackElo "1683"]
[PlyCount "113"]
[EventDate "2010.05.21"]
[EventType "swiss"]
[EventRounds "7"]
[EventCountry "NED"]
[Source "P.Boonen"]
[SourceDate "2010.10.01"]

1. d4 g6 2. e4 Bg7 3. c3 d6 4. Be3 Nf6 5. Bd3 O-O 6. Nf3 Nbd7 7. h3 c5 8. Qd2
b6 9. Bh6 Bb7 10. Bxg7 Kxg7 11. Qe3 b5 12. Nbd2 a6 13. O-O Qb6 14. Nh4 e5 15.
d5 c4 16. Qxb6 Nxb6 17. Bc2 Nh5 18. Ndf3 Nd7 19. g3 Nc5 20. Rad1 Rad8 21. Kg2
h6 22. Ne1 Bc8 23. b4 cxb3 24. axb3 Nf6 25. f3 Rfe8 26. Nd3 Nxd3 27. Bxd3 Nd7
28. c4 Nc5 29. cxb5 Nxb3 30. bxa6 Nc5 31. a7 Bd7 32. Rf2 Ra8 33. Ra2 Ba4 34.
Bc2 Bxc2 35. Rxc2 Rxa7 36. Kf2 Rea8 37. Ng2 Nb3 38. Ne3 Nd4 39. Rcd2 Ra2 40.
Nc4 Nb5 41. Rxa2 Rxa2+ 42. Rd2 Ra4 43. Rb2 Rxc4 44. Rxb5 Rc2+ 45. Ke3 Rc3+ 46.
Ke2 Rc2+ 47. Ke1 Rc1+ 48. Kd2 Rf1 49. Ke2 Ra1 50. Rb6 Ra2+ 51. Kd1 Ra1+ 52. Kd2
Ra2+ 53. Kd1 Ra1+ 54. Kc2 Rf1 55. Rxd6 Rxf3 56. Rc6 Rf6 57. Kd2 1-0

[Event "ENCI Limburg-open B"]
[Site "Maastricht"]
[Date "2010.05.23"]
[Round "5"]
[White "Gullentops, Nathan"]
[Black "Kalla, Christian"]
[Result "1-0"]
[WhiteElo "1790"]
[BlackElo "1968"]
[PlyCount "101"]
[EventDate "2010.05.21"]
[EventType "swiss"]
[EventRounds "7"]
[EventCountry "NED"]
[Source "P.Boonen"]
[SourceDate "2010.10.01"]

1. e4 c5 2. Nf3 Nc6 3. d4 cxd4 4. Nxd4 Nf6 5. Nc3 e5 6. Ndb5 d6 7. Bg5 a6 8.
Bxf6 gxf6 9. Na3 b5 10. Nd5 f5 11. g3 fxe4 12. Bg2 Bf5 13. O-O Bg7 14. f3 e3
15. Nxe3 Qb6 16. Qd2 O-O 17. Kh1 Be6 18. c3 Rad8 19. f4 f5 20. Nd5 Qa7 21. Nc2
e4 22. Nce3 a5 23. g4 fxg4 24. Bxe4 Kh8 25. f5 Bxd5 26. Nxd5 Rde8 27. Rae1 Be5
28. Qe2 Ne7 29. Qxg4 Nxd5 30. Bxd5 Qg7 31. Qxg7+ Kxg7 32. Rg1+ Kh8 33. Be6 Re7
34. Rg4 Rg7 35. Reg1 Rb8 36. Rxg7 Bxg7 37. a3 b4 38. axb4 axb4 39. cxb4 Bxb2
40. b5 h6 41. Bd7 Rd8 42. Bc6 Bd4 43. Rg4 Bc5 44. f6 d5 45. f7 Bf8 46. Rg8+ Kh7
47. b6 h5 48. h4 d4 49. Be4+ Kh6 50. Rg6+ Kh7 51. Rd6+ 1-0

[Event "ENCI Limburg-open B"]
[Site "Maastricht"]
[Date "2010.05.23"]
[Round "5"]
[White "Geib, Volker"]
[Black "Sofic, Narcis"]
[Result "1-0"]
[WhiteElo "1799"]
[BlackElo "1922"]
[PlyCount "141"]
[EventDate "2010.05.21"]
[EventType "swiss"]
[EventRounds "7"]
[EventCountry "NED"]
[Source "P.Boonen"]
[SourceDate "2010.10.01"]

1. e4 d5 2. exd5 Qxd5 3. Nc3 Qd6 4. d4 Nf6 5. Nf3 Bg4 6. Be2 a6 7. h3 Bh5 8.
Be3 Nc6 9. Qd2 e6 10. a3 Be7 11. Rd1 Rd8 12. Qc1 Nd5 13. Ne4 Qd7 14. Ne5 Nxe5
15. Bxh5 Nxe3 16. fxe3 Nc4 17. Be2 Nd6 18. Nf2 Bh4 19. O-O Nf5 20. Bf3 c6 21.
c3 Qc7 22. e4 Ng3 23. Rfe1 O-O 24. e5 c5 25. d5 exd5 26. Bxd5 Nf5 27. Qf4 Bxf2+
28. Qxf2 Ne7 29. c4 Ng6 30. e6 fxe6 31. Bxe6+ Kh8 32. Rxd8 Rxd8 33. Bd5 Rf8 34.
Qe3 b6 35. Rf1 Rxf1+ 36. Kxf1 Qf4+ 37. Qxf4 Nxf4 38. Be4 g6 39. Kf2 Kg7 40. Ke3
Ne6 41. b4 Kf6 42. h4 h6 43. Bd3 g5 44. hxg5+ hxg5 45. Ke4 cxb4 46. axb4 a5 47.
c5 axb4 48. cxb6 Nd8 49. Kd5 b3 50. Kc4 b2 51. Kc3 Ke5 52. Kxb2 Nc6 53. Kc3 Kd6
54. Be4 Ne5 55. Kd4 Nf7 56. Bd5 Ne5 57. b7 Nd7 58. Bf3 Kc7 59. Bg4 Nf6 60. Bc8
g4 61. Ke5 Ne8 62. Kf4 Nd6 63. Kxg4 Nxc8 64. bxc8=Q+ Kxc8 65. Kf5 Kd7 66. Kf6
Ke8 67. g4 Kf8 68. g5 Kg8 69. Kg6 Kh8 70. Kf7 Kh7 71. g6+ 1-0

[Event "ENCI Limburg-open B"]
[Site "Maastricht"]
[Date "2010.05.23"]
[Round "5"]
[White "Stern, Geoffrey"]
[Black "Frijns, Raoul"]
[Result "0-1"]
[WhiteElo "1956"]
[BlackElo "1729"]
[PlyCount "130"]
[EventDate "2010.05.21"]
[EventType "swiss"]
[EventRounds "7"]
[EventCountry "NED"]
[Source "P.Boonen"]
[SourceDate "2010.10.01"]

1. Nc3 d5 2. d4 Nf6 3. Bg5 e6 4. Nf3 Be7 5. Bxf6 Bxf6 6. e4 O-O 7. Bd3 Nc6 8.
e5 Be7 9. h4 h6 10. g4 Nb4 11. g5 h5 12. g6 Nxd3+ 13. Qxd3 fxg6 14. O-O-O Rf5
15. Rdg1 g5 16. hxg5 Bxg5+ 17. Nxg5 Rxg5 18. Qe3 Rxg1+ 19. Rxg1 Qf8 20. Qg5 Bd7
21. Qxh5 Qf4+ 22. Kb1 Qxf2 23. Qg4 Qf7 24. Ne2 Rf8 25. Nf4 Re8 26. a3 b6 27.
Ng6 Qf5 28. Qh4 Kf7 29. Nh8+ Kg8 30. Ka2 Qh7 31. Qxh7+ Kxh7 32. Rh1+ Kg8 33.
Ng6 Kf7 34. Rg1 Rg8 35. Kb3 Ke8 36. Kb4 Kd8 37. c4 c6 38. c5 Be8 39. Nf4 Kd7
40. a4 g5 41. cxb6 axb6 42. a5 bxa5+ 43. Kxa5 Bf7 44. Ne2 Bh5 45. Ng3 Bf3 46.
Kb4 g4 47. Ra1 Rb8+ 48. Kc3 Rb7 49. Ra8 Bd1 50. b4 Rb6 51. Rg8 Ra6 52. Kb2 Ra4
53. Nh5 Rxb4+ 54. Kc3 Rc4+ 55. Kd3 Bc2+ 56. Ke3 Bf5 57. Rg7+ Kd8 58. Ng3 Rc3+
59. Kf2 Rf3+ 60. Kg2 Rd3 61. Nxf5 exf5 62. Rf7 Rxd4 63. Rxf5 Re4 64. Kf2 Ke7
65. Rg5 c5 0-1

[Event "ENCI Limburg-open B"]
[Site "Maastricht"]
[Date "2010.05.23"]
[Round "5"]
[White "Lenaerts, Lennert"]
[Black "Cox, Jan"]
[Result "1-0"]
[WhiteElo "1758"]
[BlackElo "1854"]
[PlyCount "81"]
[EventDate "2010.05.21"]
[EventType "swiss"]
[EventRounds "7"]
[EventCountry "NED"]
[Source "P.Boonen"]
[SourceDate "2010.10.01"]

1. d4 Nf6 2. Nf3 g6 3. e3 Bg7 4. c4 O-O 5. b3 d6 6. Bb2 Nbd7 7. Be2 e5 8. O-O
Nh5 9. Nc3 f5 10. b4 e4 11. Nd2 Nhf6 12. Qb3 c5 13. bxc5 dxc5 14. d5 Ne8 15.
Na4 Bxb2 16. Qxb2 Nd6 17. Nc3 Qf6 18. Rfb1 Ne5 19. Nb5 Nxb5 20. Qxb5 b6 21. a4
Bd7 22. Qb2 Qd6 23. Qb3 Rab8 24. Qa2 g5 25. a5 Rf6 26. axb6 axb6 27. Qb2 Rh6
28. Nf1 f4 29. exf4 gxf4 30. g3 f3 31. Bd1 Nd3 32. Qc3 Qg6 33. Ra7 Qf5 34. h4
Qh3 35. Ne3 Rg6 36. Bxf3 Rxg3+ 37. Bg2 Nxf2 38. Qe5 Ng4 39. Qxb8+ Kg7 40. Qxg3
Qxg3 41. Nf5+ 1-0

[Event "ENCI Limburg-open B"]
[Site "Maastricht"]
[Date "2010.05.23"]
[Round "5"]
[White "Snoeck, Rene"]
[Black "Zegstroo, Martin"]
[Result "1/2-1/2"]
[WhiteElo "1985"]
[BlackElo "1861"]
[PlyCount "93"]
[EventDate "2010.05.21"]
[EventType "swiss"]
[EventRounds "7"]
[EventCountry "NED"]
[Source "P.Boonen"]
[SourceDate "2010.10.01"]

1. a3 d5 2. Nf3 g6 3. c4 c6 4. cxd5 cxd5 5. d4 Bg7 6. Bf4 Nc6 7. e3 Nf6 8. Bd3
O-O 9. h3 b6 10. O-O Bb7 11. Nbd2 Rc8 12. Rc1 e6 13. Qe2 Re8 14. Ne5 Nxe5 15.
Bxe5 Nd7 16. Bxg7 Kxg7 17. Nf3 Re7 18. Qd2 Nf6 19. Ne5 Rec7 20. f3 Nd7 21. Ng4
f5 22. Nf2 Nf6 23. g4 Qd6 24. f4 Ne4 25. Nxe4 dxe4 26. Bb1 Ba6 27. Rfd1 Kf7 28.
Ba2 Bc4 29. Bxc4 Rxc4 30. gxf5 gxf5 31. Rxc4 Rxc4 32. Qe2 Qc7 33. Rd2 Kf8 34.
Kh2 Rc6 35. Qf2 Qe7 36. d5 Rd6 37. dxe6 Rxd2 38. Qxd2 Qxe6 39. Qd8+ Kg7 40.
Qg5+ Qg6 41. h4 h6 42. Qe7+ Qf7 43. Qe5+ Qf6 44. Qc7+ Qf7 45. Qe5+ Qf6 46. Qc7+
Qf7 47. Qe5+ 1/2-1/2

[Event "ENCI Limburg-open B"]
[Site "Maastricht"]
[Date "2010.05.23"]
[Round "5"]
[White "Lasschuit, Rene1"]
[Black "Strauss, Erich"]
[Result "1-0"]
[WhiteElo "1917"]
[BlackElo "1781"]
[PlyCount "88"]
[EventDate "2010.05.21"]
[EventType "swiss"]
[EventRounds "7"]
[EventCountry "NED"]
[Source "P.Boonen"]
[SourceDate "2010.10.01"]

1. d4 c6 2. Nf3 d6 3. g3 g6 4. Bg2 Bg7 5. O-O Nf6 6. Nc3 O-O 7. e4 Bg4 8. h3
Be6 9. Be3 Bc4 10. Re1 Nbd7 11. Nd2 Ba6 12. a4 Rc8 13. a5 Ne8 14. Nb3 e6 15.
Qd2 f5 16. Bh6 fxe4 17. Nxe4 d5 18. Bxg7 Nxg7 19. Nec5 Nxc5 20. Nxc5 Qf6 21.
Nd7 Qe7 22. Nxf8 Rxf8 23. Bf1 Bxf1 24. Rxf1 c5 25. c3 c4 26. b3 Qc7 27. Rfb1
Rf7 28. Qa2 Nf5 29. bxc4 dxc4 30. Re1 Nxg3 31. Rxe6 Nh5 32. Re8+ Kg7 33. Qe2
Qd7 34. Qe5+ Nf6 35. Re6 Qd8 36. a6 b6 37. Re1 Qc8 38. Re3 Qf8 39. Re7 h6 40.
Rxf7+ Qxf7 41. Rf3 g5 42. d5 Kg6 43. d6 g4 44. hxg4 b5 1-0

[Event "ENCI Limburg-open B"]
[Site "Maastricht"]
[Date "2010.05.23"]
[Round "5"]
[White "Keetman, Maaike"]
[Black "Van der Burgt, Dennis"]
[Result "0-1"]
[WhiteElo "1738"]
[BlackElo "1783"]
[PlyCount "120"]
[EventDate "2010.05.21"]
[EventType "swiss"]
[EventRounds "7"]
[EventCountry "NED"]
[Source "P.Boonen"]
[SourceDate "2010.10.01"]

1. e4 c5 2. d4 cxd4 3. c3 Nc6 4. cxd4 d5 5. e5 Qb6 6. Nf3 Bg4 7. Nc3 e6 8. Na4
Qb4+ 9. Bd2 Bxf3 10. Bxb4 Bxd1 11. Bxf8 Kxf8 12. Rxd1 Nge7 13. Nc5 Nf5 14. Nb3
Ke7 15. Bb5 Rac8 16. O-O a6 17. Bxc6 Rxc6 18. Nc5 Nxd4 19. Nxb7 Ne2+ 20. Kh1
Rb6 21. Rd2 Rxb7 22. Rxe2 Rc8 23. b3 Rbc7 24. h3 Rc2 25. Rfe1 d4 26. Kg1 d3 27.
Rxc2 Rxc2 28. Rd1 d2 29. Kf1 Rxa2 30. Ke2 Rb2 31. Rxd2 Rxb3 32. Ra2 Rb6 33. Kd3
Kd7 34. Ra4 Rc6 35. Rh4 h6 36. Rg4 g6 37. Rh4 h5 38. Ra4 Rb6 39. Rd4+ Ke7 40.
Rc4 Rb5 41. f4 Rb2 42. Rc7+ Kf8 43. Ra7 Rxg2 44. Rxa6 Rg3+ 45. Ke2 Rxh3 46. Ra1
Rh4 47. Kf3 Rg4 48. Rh1 Kg7 49. Rh2 Kh6 50. Rh1 g5 51. fxg5+ Kxg5 52. Rh3 h4
53. Rh2 Kf5 54. Re2 Rg3+ 55. Kf2 Kf4 56. Re1 h3 57. Rh1 Rg2+ 58. Kf1 Kg3 59.
Ke1 h2 60. Kf1 Ra2 0-1